000 00760cab a2200265 4500
001 ABS53110
008 090401t1995 xxu||||| |||| 00| 0 eng d
035 _a(Sirsi) u2153
041 _aeng
100 _aRankin, R.
245 _aBattle of the greenfield
260 _c1995
350 _a0
490 _aPlanning Week
_v3(23) 8 June 1995, 13(1)
520 _aDiscusses the demand for housing against the need for sustainability, placing planners in a predicament.
650 _aGREENFIELD SITES
650 _aHOUSING LAND
650 _aPLANNING POLICY
650 _aRESIDENTIAL DEVELOPMENT
650 _aSUSTAINABLE DEVELOPMENT
650 _aURBAN INTENSIFICATION
690 _aPLANNING LAW AND PRACTICE
942 _n0
948 _c04/03/1997
999 _c1295
_d1295